Top Countries by Smartphone Users - Statistics

General Stats
  • This quiz has been taken 914 times
  • The average score is 17 of 20
Answer Stats
Rank Users % Country % Correct
1 912M 63.4 China
99%
3 270M 81.6 United States
99%
2 439M 31.8 India
97%
15 51M 77.6 France
95%
11 54M 78.9 United Kingdom
94%
9 65M 77.9 Germany
93%
6 100M 68.5 Russia
93%
5 109M 51.4 Brazil
92%
7 76M 59.9 Japan
92%
8 70M 54.4 Mexico
89%
4 160M 58.6 Indonesia
87%
16 46M 75.9 Italy
85%
19 39M 76.5 South Korea
79%
18 41M 18.4 Pakistan
78%
12 53M 32.4 Bangladesh
68%
14 52M 61.7 Turkey
67%
20 38M 54.3 Thailand
66%
13 53M 62.9 Iran
65%
10 61M 63.1 Vietnam
64%
17 41M 37.7 Philippines
61%
No matching quizzes found
Score Distribution
Percent of People with Each Score
Percentile by Number Answered
Your Score History
You have not taken this quiz